Statistiques concernant vanqueur du ballon d'or depuis 2010

Cliquez ici pour prendre le quiz!

Statistiques générales

  • Ce quiz a été pris 195 fois
  • Le résultat moyen est 20 sur 23

Statistiques - réponses

HintRéponse% Correct
2023Messi
100%
2015Messi
100%
2009Messi
100%
2010Messi
100%
2012Messi
100%
2011Messi
100%
2019Messi
100%
2021Messi
100%
2016Ronaldo
100%
2002Ronaldo
100%
2017Ronaldo
100%
2008Ronaldo
100%
2014Ronaldo
100%
2013Ronaldo
100%
2018Modric
97%
2022Benzema
96%
2007Kaka
79%
2005Ronaldinho
74%
2006Cannavaro
67%
2003Nedved
55%
2000Figo
46%
2001Owen
44%
2004Chevtchenko
23%

Distribution des résultats

Percentile par nombre de réponses

% des personnes avec chaque résultat

Votre développement - résultats

Vous n’avez pas pris ce quiz